000 00303nam a2200097Ia 4500
008 220120s9999||||xx |||||||||||||| ||und||
100 _aDeepika, Poovamma and Samiha
_912437
245 0 _aDiscrete modeling and sizing
260 _aCoorg Institute of Technology
_bPonnampet
_c2011
650 _aCOMPUTER SCIENCE
999 _c138024
_d138024